El calendario escolar (Record no. 63499)
[ view plain ]
| 000 -CABECERA | |
|---|---|
| campo de control de longitud fija | 00612nam a2200241 a 4500 |
| 005 - FECHA Y HORA DE LA ÚLTIMA TRANSACCIÓN | |
| campo de control | 20210223123808.0 |
| 008 - ELEMENTOS DE LONGITUD FIJA--INFORMACIÓN GENERAL | |
| campo de control de longitud fija | 991125n 000 0 spa u |
| 035 ## - NÚMERO DE CONTROL DEL SISTEMA | |
| Número de control de sistema | UPN01000066449 |
| 100 1# - ASIENTO PRINCIPAL--NOMBRE PERSONAL | |
| Nombre de persona | Oria Razo, Vicente, |
| Fechas asociadas al nombre | 1933-2011 |
| 9 (RLIN) | 28575 |
| 222 ## - TÍTULO CLAVE | |
| Título clave | EL MAESTRO |
| 245 ## - MENCIÓN DE TÍTULO | |
| Título | El calendario escolar |
| 300 ## - DESCRIPCIÓN FÍSICA | |
| Extensión | 4 |
| 362 ## - FECHAS DE PUBLICACIÓN Y/O DESIGNACIÓN SECUENCIAL | |
| Fecha de publicación y/o designación secuencial | 26/01/94 No. 13 mar. |
| 440 ## - MENCIÓN DE SERIE/ASIENTO SECUNDARIO--TÍTULO | |
| Título | ANALISIS Y OPINION |
| 653 0# - TERMINO DE INDIZACION - NO CONTROLADO | |
| Término no controlado | ANPF |
| 653 0# - TERMINO DE INDIZACION - NO CONTROLADO | |
| Término no controlado | CALENDARIO ESCOLAR |
| 653 0# - TERMINO DE INDIZACION - NO CONTROLADO | |
| Término no controlado | LEXICO |
| 653 0# - TERMINO DE INDIZACION - NO CONTROLADO | |
| Término no controlado | LEY GENERAL DE EDUCACION |
| 653 0# - TERMINO DE INDIZACION - NO CONTROLADO | |
| Término no controlado | SEP |
| 653 0# - TERMINO DE INDIZACION - NO CONTROLADO | |
| Término no controlado | SISTEMA EDUCATIVO NACIONAL |
| 904 ## - ELEMENTOS DE DATOS D LOCAL, LDD (RLIN) | |
| a | AC |
| b | 004260 |
| 905 ## - TIPO DE MATERIAL | |
| Tipo de material | Articulo |
No items available.
